000 01563cab a22002775a 4500
001 L160013
008 150113e2018 xxk 000 0 eng d
020 _a9781783212354
035 _a(Sirsi) u160013
041 0 _aeng
050 _a658.2 $2 18
110 2 _aRoyal Institution of Chartered Surveyors
_94900
245 0 0 _aStrategic Facility Management Framework
_h[electronic resource]
260 _aLondon
_bRICS
_c2018
490 _aRICS Guidance Note
520 _aResult of a collaboration between RICS and IFMA, this guidance sets out a coherent, consistent approach to planning the provision of FM. It also reflects the competences required to pursue the qualification credentials required by both IFMA and RICS. It is intended to set out current good practice in the strategic planning of FM to formulate the delivery of facilities services which achieve optimum value and contribution to the organisation that FM supports. It brings together ideas and experience from a range of sources and is consistent with the existing ISO Standards for FM. Effective 19 April 2018.
650 2 4 _aSTRATEGIC PLANNING
650 2 4 _aDEVELOPMENT AGREEMENTS
650 2 4 _aIMPLEMENTATION
650 2 4 _aPROJECTS
651 4 _aInternational
690 _aFacilities management
_96240
710 1 _aInternational Facility Management Association
_93976
856 4 0 _uhttps://www.rics.org/profession-standards/rics-standards-and-guidance/sector-standards/real-estate-standards/strategic-facilities-management-framework
_zAvailable on RICS.org
942 _n0
_2ddc
999 _c116176
_d116176